<?xml version="1.0" encoding="UTF-8"?>
<record
    xmlns:xsi="http://www.w3.org/2001/XMLSchema-instance"
    xsi:schemaLocation="http://www.loc.gov/MARC21/slim http://www.loc.gov/standards/marcxml/schema/MARC21slim.xsd"
    xmlns="http://www.loc.gov/MARC21/slim">

  <leader>01271nam a22001697a 4500</leader>
  <controlfield tag="003">0</controlfield>
  <controlfield tag="005">20260429182950.0</controlfield>
  <datafield tag="020" ind1=" " ind2=" ">
    <subfield code="a">9788199502116</subfield>
  </datafield>
  <datafield tag="082" ind1=" " ind2=" ">
    <subfield code="a">H SHA P </subfield>
  </datafield>
  <datafield tag="100" ind1=" " ind2=" ">
    <subfield code="a">Shakir, Parveen </subfield>
    <subfield code="9">19016</subfield>
  </datafield>
  <datafield tag="245" ind1=" " ind2=" ">
    <subfield code="a">Intizar ka mausam</subfield>
  </datafield>
  <datafield tag="260" ind1=" " ind2=" ">
    <subfield code="a">Noida </subfield>
    <subfield code="b">Rekhta Publications</subfield>
    <subfield code="c">2025</subfield>
  </datafield>
  <datafield tag="300" ind1=" " ind2=" ">
    <subfield code="a">140p. </subfield>
  </datafield>
  <datafield tag="520" ind1=" " ind2=" ">
    <subfield code="a">Intizaar Ka Mausam: Parveen Shakir is a collection of her selected works, which includes not only ghazals but also selected Nazms. These clearly portray delicate inner emotions, feminine sentiments, pain, romance, and, at places, an expression of indifference toward love and its attainments. For admirers of Parveen Shakir, this book is a priceless gift. Parveen Shakir was born on 24 November 1952 in Karachi. Her ancestral home is Laheriasarai in Bihar. She is counted among the distinguished poets of Urdu. Her first book &#x201C;Khushbu&#x201D; brought her immense fame. Her poetry beautifully reflects feminine emotions, love, romance, pain, and subtle feelings. Along with ghazal, Parveen Shakir also wrote free verse. She received several awards, including the Adamjee Award. Sadly, she passed away in a road accident in 1994, but her poetic legacy remains alive in the hearts of readers.</subfield>
  </datafield>
  <datafield tag="650" ind1=" " ind2=" ">
    <subfield code="a">Upanyas </subfield>
    <subfield code="a">Hindi Fiction </subfield>
    <subfield code="9">19017</subfield>
  </datafield>
  <datafield tag="942" ind1=" " ind2=" ">
    <subfield code="c">B</subfield>
  </datafield>
  <datafield tag="952" ind1=" " ind2=" ">
    <subfield code="0">0</subfield>
    <subfield code="1">0</subfield>
    <subfield code="4">0</subfield>
    <subfield code="7">0</subfield>
    <subfield code="a">LBSNAA</subfield>
    <subfield code="b">LBSNAA</subfield>
    <subfield code="d">2026-04-29</subfield>
    <subfield code="g">299.00</subfield>
    <subfield code="l">0</subfield>
    <subfield code="o">H SHA P </subfield>
    <subfield code="p">181872</subfield>
    <subfield code="r">2026-04-29</subfield>
    <subfield code="w">2026-04-29</subfield>
    <subfield code="y">B</subfield>
    <subfield code="0"></subfield>
    <subfield code="x"></subfield>
    <subfield code="2"></subfield>
  </datafield>
  <datafield tag="999" ind1=" " ind2=" ">
    <subfield code="c">360820</subfield>
    <subfield code="d">360820</subfield>
  </datafield>
</record>
